[Event "Eindhoven WLC op 12th"]
[Site "Eindhoven"]
[Date "2022.05.15"]
[Round "5"]
[White "Hubers, Daan"]
[Black "Zepeda, Lorena"]
[Result "1-0"]
[WhiteElo "1818"]
[BlackElo "2130"]
[PlyCount "99"]
[EventDate "2022.05.13"]
[EventType "swiss"]
[EventRounds "6"]
[EventCountry "NED"]
[SourceTitle "CBM 208 Extra"]
[Source "ChessBase"]
[SourceDate "2022.07.31"]
[SourceVersion "1"]
[SourceVersionDate "2022.07.31"]
[SourceQuality "1"]

1. b4 d5 2. Bb2 Qd6 3. a3 e5 4. d3 Nf6 5. Nf3 Nbd7 6. Nbd2 a5 7. b5 e4 8. Nd4 e3 9. fxe3 Ng4 10. N2f3 Nxe3 11. Qd2 Nxf1 12. Rxf1 Nf6 13. a4 Be7 14. Nh4 Qxh2 15. Nhf5 Bb4 16. c3 Bd6 17. Nxg7+ Kf8 18. Ngf5 Ng4 19. 0-0-0 Bc5 20. Qg5 Bxf5 21. Qxf5 Qh6+ 22. Kb1 Qg6 23. Ne6+ Kg8 24. Nxc5 Ne3 25. Qe5 Nxd1 26. Rxd1 f6 27. Qxd5+ Qf7 28. Qf5 Qg6 29. Qf3 Re8 30. c4 h5 31. Rf1 Rh6 32. Nxb7 Qg4 33. Qxg4+ hxg4 34. e4 Rh2 35. Rg1 Kf7 36. Bc1 Reh8 37. Bf4 Rh1 38. Rxh1 Rxh1+ 39. Kb2 Rd1 40. Kc3 Ra1 41. Nxa5 Rxa4 42. Nc6 Ke6 43. Bxc7 Kd7 44. Bf4 Ra3+ 45. Kd4 Rb3 46. e5 f5 47. g3 Ke6 48. Kc5 Rxd3 49. Nd4+ Kd7 50. e6+ 1-0

[Event "Eindhoven WLC op 12th"]
[Site "Eindhoven"]
[Date "2022.05.14"]
[Round "3"]
[White "Becx, Cesar"]
[Black "Zepeda, Lorena"]
[Result "1-0"]
[WhiteElo "2101"]
[BlackElo "2130"]
[PlyCount "137"]
[EventDate "2022.05.13"]
[EventType "swiss"]
[EventRounds "6"]
[EventCountry "NED"]
[SourceTitle "CBM 208 Extra"]
[Source "ChessBase"]
[SourceDate "2022.07.31"]
[SourceVersion "1"]
[SourceVersionDate "2022.07.31"]
[SourceQuality "1"]

1. f4 c5 2. Nf3 d5 3. g3 Nc6 4. Bg2 g6 5. 0-0 Bg7 6. d3 Nf6 7. c3 0-0 8. Na3 Rb8 9. Ne5 Nxe5 10. fxe5 Ne8 11. d4 cxd4 12. Qxd4 e6 13. e4 Qc7 14. Qxa7 Bxe5 15. Nb5 Qd8 16. exd5 Bd7 17. dxe6 Bxb5 18. Qc5 Qd6 19. exf7+ Rxf7 20. Qxb5 Rxf1+ 21. Qxf1 Nf6 22. Be3 Kg7 23. Qe2 b5 24. Qd2 Qe7 25. Bh6+ Kh8 26. Re1 Ng4 27. Qe2 Qc5+ 28. Be3 Nxe3 29. Qxe3 Qxe3+ 30. Rxe3 Bd6 31. Kf1 b4 32. cxb4 Rxb4 33. Rd3 Bc5 34. b3 Kg7 35. Ke2 Kf6 36. Rc3 Bd6 37. a3 Rb8 38. b4 h5 39. Rc6 Ke5 40. Ra6 g5 41. h4 gxh4 42. gxh4 Rg8 43. Bf3 Be7 44. Ra5+ Kd4 45. Rxh5 Rg1 46. Rd5+ Kc4 47. Re5 Bf6 48. Re4+ Kb5 49. Kf2 Ra1 50. Be2+ Ka4 51. b5+ Kxa3 52. h5 Rc1 53. Kg3 Rc5 54. Kg4 Rg5+ 55. Kf4 Rc5 56. b6 Bd8 57. b7 Bc7+ 58. Kg4 Rc1 59. Re8 Rg1+ 60. Kf5 Re1 61. Kg6 Rg1+ 62. Kf7 Re1 63. h6 Rh1 64. Kg6 Rg1+ 65. Kh5 Rh1+ 66. Kg5 Rh2 67. b8Q Bxb8 68. Rxb8 Rxe2 69. h7 1-0

[Event "Hoogeveen Unive op 19th"]
[Site "Hoogeveen"]
[Date "2015.10.19"]
[Round "3"]
[White "Hilwerda, Jonas"]
[Black "Zepeda, Lorena"]
[Result "1-0"]
[WhiteElo "1954"]
[BlackElo "2106"]
[PlyCount "119"]
[EventDate "2015.10.17"]
[EventType "swiss"]
[EventRounds "9"]
[EventCountry "NED"]
[SourceTitle "EXT 2017"]
[Source "ChessBase"]
[SourceDate "2016.10.25"]
[SourceVersion "1"]
[SourceVersionDate "2016.10.25"]
[SourceQuality "1"]

1. e4 c5 2. Nf3 d6 3. d4 cxd4 4. Nxd4 Nf6 5. Nc3 a6 6. Qe2 e5 7. Nf5 Bxf5 8. exf5 Nc6 9. Bg5 Be7 10. 0-0-0 0-0 11. Bxf6 Bxf6 12. Nd5 Rc8 13. Qd3 Re8 14. f3 Bg5+ 15. Kb1 Qa5 16. h4 Bh6 17. f6 Re6 18. g4 gxf6 19. g5 e4 20. fxe4 Ne5 21. Qh3 Qc5 22. c3 Bg7 23. gxf6 Bxf6 24. Qg3+ Kh8 25. Rg1 Nf3 26. Rg2 Nxh4 27. Rf2 Rg8 28. Qh2 Bg5 29. Bd3 f6 30. Rdf1 Ng6 31. Qh3 Ree8 32. Rh2 Rg7 33. Nxf6 Bxf6 34. Rxf6 Ne5 35. Kc2 Ng4 36. Rf3 Nxh2 37. Qxh2 Qe5 38. Qf2 Reg8 39. Kb3 b5 40. Rf5 Qe6+ 41. Ka3 Qe7 42. Kb3 Rb8 43. Qd4 Rf8 44. Rd5 Rf6 45. e5 dxe5 46. Rxe5 Re6 47. Rd5 Qf6 48. Qc5 Rc6 49. Qb4 Qf7 50. c4 bxc4+ 51. Bxc4 Rg3+ 52. Ka4 Qe8 53. Ka5 Rcg6 54. Bb3 h6 55. Qd4+ Kh7 56. Rd7+ Qxd7 57. Qxd7+ Rg7 58. Qf5+ Kh8 59. Qf8+ Kh7 60. Bc2+ 1-0

[Event "Wch Blitz 9th"]
[Site "Berlin"]
[Date "2015.10.14"]
[Round "20"]
[White "Zepeda, Lorena"]
[Black "Carow, Johannes"]
[Result "0-1"]
[WhiteElo "2106"]
[BlackElo "2431"]
[PlyCount "118"]
[EventDate "2015.10.13"]
[EventType "swiss (blitz)"]
[EventRounds "21"]
[EventCountry "GER"]
[SourceTitle "CBM 168 Extra"]
[Source "ChessBase"]
[SourceDate "2015.10.29"]
[SourceVersion "1"]
[SourceVersionDate "2015.10.29"]
[SourceQuality "1"]

1. e4 c5 2. Nf3 e6 3. d4 cxd4 4. Nxd4 a6 5. Bd3 Bc5 6. Nb3 Be7 7. 0-0 Nc6 8. c4 Nf6 9. Nc3 0-0 10. Be3 d6 11. Rc1 b6 12. h3 Bb7 13. Qd2 Ne5 14. Nd4 Rc8 15. b3 Qc7 16. Bb1 Qb8 17. Rfd1 Qa8 18. f3 Ned7 19. Nde2 Kh8 20. Ng3 Qb8 21. Bf2 Ba8 22. Bd3 Rfd8 23. Bf1 Re8 24. Nge2 b5 25. cxb5 axb5 26. Nd4 b4 27. Na4 d5 28. exd5 Nxd5 29. Ba6 Rxc1 30. Rxc1 Qd6 31. Bb5 Rb8 32. Bc6 h6 33. Bxa8 Rxa8 34. Qc2 Bg5 35. Qc6 Qxc6 36. Rxc6 Ne5 37. Rc5 Nd3 38. Rb5 Nxf2 39. Kxf2 Be3+ 40. Ke2 Bxd4 41. Kd3 Bf6 42. g4 Rd8 43. Ke2 Nc3+ 44. Nxc3 Bxc3 45. Rb7 Kg8 46. Ra7 Rd2+ 47. Ke3 Bd4+ 48. Kxd2 Bxa7 49. Kd3 Bc5 50. Kc4 Be7 51. Kd3 f5 52. Kc4 Kf7 53. Kb5 fxg4 54. fxg4 e5 55. Kc4 Ke6 56. Kd3 Kd5 57. Ke3 Bc5+ 58. Kd3 e4+ 59. Ke2 Kd4 0-1

[Event "Wch Blitz 9th"]
[Site "Berlin"]
[Date "2015.10.13"]
[Round "9"]
[White "Carstensen, Jacob"]
[Black "Zepeda, Lorena"]
[Result "1-0"]
[WhiteElo "2352"]
[BlackElo "2106"]
[PlyCount "85"]
[EventDate "2015.10.13"]
[EventType "swiss (blitz)"]
[EventRounds "21"]
[EventCountry "GER"]
[SourceTitle "CBM 168 Extra"]
[Source "ChessBase"]
[SourceDate "2015.10.29"]
[SourceVersion "1"]
[SourceVersionDate "2015.10.29"]
[SourceQuality "1"]

1. d4 Nf6 2. c4 g6 3. Nc3 Bg7 4. e4 d6 5. Nf3 0-0 6. Be2 e5 7. Be3 Ng4 8. Bg5 f6 9. Bd2 exd4 10. Nxd4 Ne5 11. 0-0 Nbc6 12. Be3 Nxd4 13. Bxd4 Be6 14. b3 Nc6 15. Be3 f5 16. exf5 Bxf5 17. Rc1 Ne5 18. Nd5 Kh8 19. h3 Qd7 20. f4 Nc6 21. Qd2 a5 22. Bf3 a4 23. b4 Rfe8 24. b5 Na5 25. Rfe1 b6 26. Nb4 Rad8 27. Nc6 Nxc6 28. Bxc6 Qf7 29. Bxe8 Rxe8 30. Bd4 Be6 31. Bxg7+ Kxg7 32. Qd4+ Kg8 33. Re3 Bf5 34. Rce1 Rxe3 35. Rxe3 Bb1 36. Ra3 Qe7 37. Rxa4 Be4 38. Ra3 Bb7 39. Re3 Qf7 40. Kh2 h5 41. Rg3 Qf5 42. Rg5 Qc2 43. f5 1-0

[Event "Wch Blitz 9th"]
[Site "Berlin"]
[Date "2015.10.13"]
[Round "11"]
[White "Cordeiro, Marco Aurelio Zaror"]
[Black "Zepeda, Lorena"]
[Result "0-1"]
[WhiteElo "2228"]
[BlackElo "2106"]
[PlyCount "46"]
[EventDate "2015.10.13"]
[EventType "swiss (blitz)"]
[EventRounds "21"]
[EventCountry "GER"]
[SourceTitle "CBM 168 Extra"]
[Source "ChessBase"]
[SourceDate "2015.10.29"]
[SourceVersion "1"]
[SourceVersionDate "2015.10.29"]
[SourceQuality "1"]

1. e4 c5 2. Nc3 d6 3. f4 g6 4. Nf3 Bg7 5. Bc4 Nc6 6. 0-0 e6 7. d3 Nge7 8. Qe1 0-0 9. Kh1 Na5 10. f5 Nxc4 11. dxc4 exf5 12. Bf4 fxe4 13. Nxe4 Nf5 14. Rd1 Nd4 15. Nxd4 cxd4 16. Nxd6 Be6 17. b3 Qb6 18. Ne4 Bf5 19. c5 Qa6 20. Rd2 Rfe8 21. Re2 Bxe4 22. Rxe4 Rxe4 23. Qxe4 Qxf1# 0-1

[Event "Wch Blitz 9th"]
[Site "Berlin"]
[Date "2015.10.13"]
[Round "8"]
[White "Koehler, Gerhard"]
[Black "Zepeda, Lorena"]
[Result "1-0"]
[WhiteElo "2173"]
[BlackElo "2106"]
[PlyCount "67"]
[EventDate "2015.10.13"]
[EventType "swiss (blitz)"]
[EventRounds "21"]
[EventCountry "GER"]
[SourceTitle "CBM 168 Extra"]
[Source "ChessBase"]
[SourceDate "2015.10.29"]
[SourceVersion "1"]
[SourceVersionDate "2015.10.29"]
[SourceQuality "1"]

1. c4 Nf6 2. Nc3 g6 3. d4 Bg7 4. e4 d6 5. Be2 0-0 6. Nf3 e5 7. 0-0 Nc6 8. d5 Ne7 9. Ne1 Nd7 10. Nd3 f5 11. Bd2 Nf6 12. f3 f4 13. c5 g5 14. Rc1 Rf7 15. Nb5 Ng6 16. Ba5 b6 17. cxb6 cxb6 18. Be1 h5 19. a4 g4 20. Qc2 h4 21. Nc7 Rb8 22. Ne6 Bxe6 23. dxe6 Re7 24. Nb4 gxf3 25. gxf3 Kh7 26. Nc6 Qg8 27. Nxb8 Qxb8 28. Qc8 Qxc8 29. Rxc8 Rxe6 30. Rc7 Re7 31. Rxe7 Nxe7 32. Bc3 Nc6 33. Rd1 Ne8 34. Bb5 1-0

[Event "Wch Blitz 9th"]
[Site "Berlin"]
[Date "2015.10.13"]
[Round "10"]
[White "Zepeda, Lorena"]
[Black "Lagunow, Raphael"]
[Result "0-1"]
[WhiteElo "2106"]
[BlackElo "2164"]
[PlyCount "74"]
[EventDate "2015.10.13"]
[EventType "swiss (blitz)"]
[EventRounds "21"]
[EventCountry "GER"]
[SourceTitle "CBM 168 Extra"]
[Source "ChessBase"]
[SourceDate "2015.10.29"]
[SourceVersion "1"]
[SourceVersionDate "2015.10.29"]
[SourceQuality "1"]

1. e4 c5 2. Nf3 Nc6 3. d4 cxd4 4. Nxd4 Nf6 5. Nc3 e5 6. Ndb5 d6 7. Bg5 a6 8. Na3 b5 9. Nd5 Be7 10. Bxf6 Bxf6 11. c4 Nd4 12. cxb5 Be6 13. Nc3 0-0 14. bxa6 Qa5 15. Bd3 Rfb8 16. Qd2 d5 17. 0-0 dxe4 18. Bxe4 Rxa6 19. Rfd1 Rab6 20. Nd5 Qxd2 21. Nxf6+ gxf6 22. Rxd2 Rxb2 23. Rxb2 Rxb2 24. h3 Bxa2 25. Nb1 f5 26. Nc3 fxe4 27. Nxa2 Nc2 28. Rc1 Rxa2 29. Rb1 Nd4 30. Re1 f5 31. Rb1 Kg7 32. Rb6 f4 33. Rd6 e3 34. fxe3 fxe3 35. Rd7+ Kg6 36. Rc7 Ra1+ 37. Kh2 e2 0-1

[Event "Wch Blitz 9th"]
[Site "Berlin"]
[Date "2015.10.13"]
[Round "7"]
[White "Zepeda, Lorena"]
[Black "Thornton, Giovanni Antonio"]
[Result "0-1"]
[WhiteElo "2106"]
[BlackElo "2207"]
[PlyCount "112"]
[EventDate "2015.10.13"]
[EventType "swiss (blitz)"]
[EventRounds "21"]
[EventCountry "GER"]
[SourceTitle "CBM 168 Extra"]
[Source "ChessBase"]
[SourceDate "2015.10.29"]
[SourceVersion "1"]
[SourceVersionDate "2015.10.29"]
[SourceQuality "1"]

1. e4 e6 2. d3 d5 3. Nd2 Nf6 4. Ngf3 Bc5 5. Be2 0-0 6. 0-0 a5 7. c3 b6 8. d4 Be7 9. e5 Nfd7 10. Bd3 Ba6 11. Qe2 Bxd3 12. Qxd3 c5 13. Re1 Nc6 14. a3 Rc8 15. Nf1 c4 16. Qc2 b5 17. Bd2 b4 18. axb4 axb4 19. cxb4 Bxb4 20. Ng5 g6 21. Nf3 Bxd2 22. Qxd2 Kg7 23. Ne3 h5 24. h4 Rc7 25. Ng5 Qe7 26. Ra4 Rb7 27. Rea1 Nb4 28. Nd1 Nd3 29. Ra7 Rfb8 30. Qc2 Qb4 31. Qe2 Qb6 32. Rxb7 Rxb7 33. Nf3 Qd8 34. Qc2 Qb8 35. Rb1 Rb3 36. Kf1 Qb6 37. Kg1 Nb8 38. Kh2 Nc6 39. Qe2 Nxd4 40. Nxd4 Qxd4 41. Nc3 Qxh4+ 42. Kg1 Qd4 43. Kf1 Qxe5 44. Qxe5+ Nxe5 45. Ne2 Nc6 46. Ke1 d4 47. Kd2 Rd3+ 48. Kc2 Nb4+ 49. Kc1 e5 50. Ra1 f5 51. Ra7+ Kh6 52. Rb7 Nd5 53. Rb8 c3 54. bxc3 Nxc3 55. Ng3 Kg5 56. Rb6 h4 0-1

[Event "Wch Rapid"]
[Site "Berlin"]
[Date "2015.10.12"]
[Round "15"]
[White "Zepeda, Lorena"]
[Black "Thiede, Lars"]
[Result "1/2-1/2"]
[WhiteElo "2106"]
[BlackElo "2437"]
[PlyCount "178"]
[EventDate "2015.10.10"]
[EventType "swiss (rapid)"]
[EventRounds "15"]
[EventCountry "GER"]
[SourceTitle "CBM 168 Extra"]
[Source "ChessBase"]
[SourceDate "2015.10.29"]
[SourceVersion "1"]
[SourceVersionDate "2015.10.29"]
[SourceQuality "1"]

1. e4 d6 2. d4 Nf6 3. Nc3 e5 4. Nf3 exd4 5. Nxd4 Be7 6. Bc4 0-0 7. 0-0 Re8 8. h3 Bf8 9. Re1 Nbd7 10. Bg5 c6 11. a4 Ne5 12. Bb3 Ng6 13. Qf3 Be7 14. Rad1 Qa5 15. Bd2 Qh5 16. g4 Qe5 17. Nf5 Be6 18. h4 Nxh4 19. Nxh4 Bxg4 20. Qg2 Bxd1 21. Rxd1 Qh5 22. Nf5 Qg6 23. Ng3 Bf8 24. Re1 Nh5 25. Nce2 Nxg3 26. Nxg3 Rad8 27. c3 d5 28. Bf4 dxe4 29. Rxe4 Rxe4 30. Qxe4 Qxe4 31. Nxe4 h6 32. Be3 a6 33. Nc5 Bxc5 34. Bxc5 Rd2 35. Ba3 g5 36. Bc4 h5 37. Kg2 b5 38. axb5 axb5 39. Bf1 Kg7 40. c4 bxc4 41. Bxc4 Kg6 42. b3 f5 43. Bc5 h4 44. b4 g4 45. Be6 Rd8 46. Bb3 f4 47. Be6 f3+ 48. Kh2 g3+ 49. fxg3 Rd2+ 50. Kh3 f2 51. Bc4 hxg3 52. Kxg3 Rc2 53. Bd3+ Kf7 54. Bxc2 f1Q 55. Be4 Qf6 56. Bf3 Ke8 57. Bg4 Qe5+ 58. Kf2 Qh2+ 59. Ke3 Qg3+ 60. Bf3 Kd7 61. Ke2 Qe5+ 62. Kd3 Qf5+ 63. Ke3 Qc2 64. Bg4+ Kc7 65. Bf3 Kb7 66. Be2 Kc7 67. Bf3 Qb3+ 68. Kf4 Qf7+ 69. Ke3 Qe6+ 70. Kf4 Kb7 71. Bg4 Qe8 72. Bf3 Ka6 73. Be4 Qd7 74. Ke3 Kb5 75. Bd3+ Ka4 76. Bc4 Qd1 77. Ke4 Qc2+ 78. Kd4 Qd2+ 79. Ke4 Qc3 80. Bd3 Kb3 81. Ba6 Qf6 82. Be2 Kc3 83. Ba6 Qg6+ 84. Ke5 Qf7 85. Kd6 Qd5+ 86. Kc7 Kb3 87. Bb7 Kc4 88. Bxc6 Qxc5 89. bxc5 Kxc5 1/2-1/2

[Event "Wch Rapid"]
[Site "Berlin"]
[Date "2015.10.11"]
[Round "6"]
[White "Hasangatin, Ramil"]
[Black "Zepeda, Lorena"]
[Result "1-0"]
[WhiteElo "2509"]
[BlackElo "2106"]
[PlyCount "105"]
[EventDate "2015.10.10"]
[EventType "swiss (rapid)"]
[EventRounds "15"]
[EventCountry "GER"]
[SourceTitle "CBM 168 Extra"]
[Source "ChessBase"]
[SourceDate "2015.10.29"]
[SourceVersion "1"]
[SourceVersionDate "2015.10.29"]
[SourceQuality "1"]

1. d4 Nf6 2. Nc3 d5 3. Bg5 Bf5 4. Bxf6 exf6 5. e3 c6 6. Bd3 Bg6 7. h4 Bb4 8. Nge2 Nd7 9. h5 Bxd3 10. Qxd3 Nb6 11. e4 0-0 12. 0-0 dxe4 13. Nxe4 Re8 14. c3 Bf8 15. Qf3 h6 16. Rfe1 Qd5 17. Nf4 Qf5 18. Ng3 Qd7 19. Nd3 Rxe1+ 20. Rxe1 Re8 21. Rxe8 Qxe8 22. Qe4 Qxe4 23. Nxe4 Nc4 24. Kf1 Nd6 25. Nxd6 Bxd6 26. Ke2 Kf8 27. Ke3 Ke7 28. b4 f5 29. c4 Kf6 30. f4 g5 31. g3 gxf4+ 32. gxf4 Ke6 33. a3 b6 34. Nc1 a5 35. c5 bxc5 36. dxc5 Bc7 37. Ne2 axb4 38. axb4 Kd5 39. Kd3 Bb8 40. Nc3+ Ke6 41. Ke3 Ba7 42. Ne2 Bb8 43. Nd4+ Kd5 44. Nxf5 Bc7 45. Ne7+ Kc4 46. Nxc6 Kb5 47. Ne7 Bd8 48. Nd5 Kc6 49. Kd4 Bh4 50. Kc4 Bf2 51. b5+ Kb7 52. c6+ Kc8 53. b6 1-0

[Event "Wch Rapid"]
[Site "Berlin"]
[Date "2015.10.11"]
[Round "9"]
[White "Osmanodja, Filiz"]
[Black "Zepeda, Lorena"]
[Result "0-1"]
[WhiteElo "2291"]
[BlackElo "2106"]
[PlyCount "66"]
[EventDate "2015.10.10"]
[EventType "swiss (rapid)"]
[EventRounds "15"]
[EventCountry "GER"]
[SourceTitle "CBM 168 Extra"]
[Source "ChessBase"]
[SourceDate "2015.10.29"]
[SourceVersion "1"]
[SourceVersionDate "2015.10.29"]
[SourceQuality "1"]

1. e4 c5 2. Nf3 d6 3. d4 cxd4 4. Nxd4 Nf6 5. Nc3 a6 6. Be3 e5 7. Nf3 Be7 8. Bc4 0-0 9. 0-0 h6 10. Bb3 Be6 11. Nh4 Bxb3 12. axb3 Re8 13. Nf5 Bf8 14. Qf3 Kh7 15. Rfd1 g6 16. Bxh6 Bxh6 17. Rxd6 Nbd7 18. Rad1 gxf5 19. Qxf5+ Kg8 20. Nd5 Nxd5 21. Rxh6 N5f6 22. Qg5+ Kf8 23. h4 Ng8 24. Qh5 Nxh6 25. Qxh6+ Kg8 26. Rd3 Re6 27. Rg3+ Rg6 28. Rxg6+ fxg6 29. Qxg6+ Kf8 30. Qh6+ Ke7 31. h5 Qg8 32. f3 Nf6 33. Kh2 Qh7 0-1

[Event "Wch Rapid"]
[Site "Berlin"]
[Date "2015.10.11"]
[Round "7"]
[White "Zepeda, Lorena"]
[Black "Breutigam, Martin"]
[Result "0-1"]
[WhiteElo "2106"]
[BlackElo "2380"]
[PlyCount "96"]
[EventDate "2015.10.10"]
[EventType "swiss (rapid)"]
[EventRounds "15"]
[EventCountry "GER"]
[SourceTitle "CBM 168 Extra"]
[Source "ChessBase"]
[SourceDate "2015.10.29"]
[SourceVersion "1"]
[SourceVersionDate "2015.10.29"]
[SourceQuality "1"]

1. e4 c5 2. Nf3 e6 3. d4 cxd4 4. Nxd4 Nc6 5. c4 Nf6 6. Nc3 Bb4 7. Nxc6 dxc6 8. Qxd8+ Kxd8 9. Bg5 e5 10. 0-0-0+ Kc7 11. f3 Be6 12. Kc2 h6 13. Bh4 Nd7 14. a3 Bc5 15. Bg3 f6 16. Nb1 a5 17. a4 g5 18. Be2 Rhg8 19. h3 h5 20. Nd2 h4 21. Bh2 Rgd8 22. Nb3 Be3 23. Rd3 Bf4 24. Bg1 b6 25. Bf2 c5 26. Rhd1 Re8 27. Rd6 Nb8 28. Na1 Nc6 29. R6d2 Bxd2 30. Rxd2 Rad8 31. Rxd8 Rxd8 32. Nb3 Nb4+ 33. Kc3 Bd7 34. Nc1 Bxa4 35. b3 Be8 36. Be3 a4 37. bxa4 Bxa4 38. Bf2 Bd1 39. Bd3 Ra8 40. Bb1 Ra3+ 41. Kb2 Ra5 42. Nb3 Bxb3 43. Kxb3 Ra1 44. Kb2 Ra8 45. g3 hxg3 46. Bxg3 Rh8 47. h4 gxh4 48. Bh2 Rg8 0-1

[Event "Wch Rapid"]
[Site "Berlin"]
[Date "2015.10.10"]
[Round "1"]
[White "Hansen, Eric"]
[Black "Zepeda, Lorena"]
[Result "1-0"]
[WhiteElo "2573"]
[BlackElo "2106"]
[PlyCount "55"]
[EventDate "2015.10.10"]
[EventType "swiss (rapid)"]
[EventRounds "15"]
[EventCountry "GER"]
[SourceTitle "CBM 168 Extra"]
[Source "ChessBase"]
[SourceDate "2015.10.29"]
[SourceVersion "1"]
[SourceVersionDate "2015.10.29"]
[SourceQuality "1"]

1. e4 c5 2. Nf3 d6 3. Bb5+ Bd7 4. Bxd7+ Qxd7 5. c4 Nc6 6. d4 cxd4 7. Nxd4 Nf6 8. Nc3 g6 9. f3 Bg7 10. Nde2 0-0 11. 0-0 a6 12. a4 Qc7 13. Kh1 e6 14. Bg5 Nd7 15. Rb1 Nde5 16. b3 h6 17. Bh4 Nb4 18. Qd2 f6 19. f4 Nf7 20. f5 gxf5 21. exf5 e5 22. Ne4 a5 23. Nxf6+ Bxf6 24. Bxf6 Kh7 25. Ng3 Qc6 26. Nh5 d5 27. Be7 Rfe8 28. Nf6+ 1-0

[Event "Olympiad Women-41"]
[Site "Tromsoe"]
[Date "2014.08.09"]
[Round "7.1"]
[White "Sanchez Castillo, Sarai Carolina"]
[Black "Zepeda, Lorena"]
[Result "1/2-1/2"]
[WhiteElo "2207"]
[BlackElo "2158"]
[PlyCount "115"]
[EventDate "2014.08.02"]
[EventType "team-swiss"]
[EventRounds "11"]
[EventCountry "NOR"]
[SourceTitle "CBM 162"]
[Source "ChessBase"]
[SourceDate "2014.09.17"]
[SourceVersion "1"]
[SourceVersionDate "2014.09.17"]
[SourceQuality "1"]
[WhiteTeam "Venezuela (W)"]
[BlackTeam "El Salvador (W)"]
[WhiteTeamCountry "VEN"]
[BlackTeamCountry "ESA"]

1. e4 c5 2. Nf3 d6 3. Nc3 Nf6 4. d4 cxd4 5. Nxd4 a6 6. a4 e6 7. Be2 Be7 8. 0-0 0-0 9. f4 Nc6 10. Kh1 Qc7 11. Be3 Re8 12. Nb3 Na5 13. Nxa5 Qxa5 14. Bf3 Bd7 15. Qd2 Bc6 16. b4 Qc7 17. b5 axb5 18. axb5 Bd7 19. b6 Rxa1 20. Rxa1 Qc8 21. Ra7 Bc6 22. Bg1 Nd7 23. Ne2 Nc5 24. Ng3 Bf8 25. Qb4 Rd8 26. h3 h6 27. Qb2 d5 28. exd5 Bxd5 29. Bxd5 Rxd5 30. Qa1 Qc6 31. Ra8 Rd2 32. Qf1 Rxc2 33. Kh2 Qd5 34. Bxc5 Qxc5 35. Qd3 Rc3 36. Ne4 Rxd3 37. Nxc5 Rd6 38. Rb8 g5 39. fxg5 hxg5 40. Rxb7 Rc6 41. Ne4 Bd6+ 42. Kg1 Be5 43. Kf1 Bd4 44. Rb8+ Kg7 45. b7 Rb6 46. Rd8 Be5 47. Nc5 Bg3 48. Rd3 Bb8 49. Rd8 Bg3 50. Ke2 Kg6 51. Kf3 Bc7 52. Rg8+ Kh7 53. Rc8 Bd6 54. Ne4 Be5 55. Nxg5+ Kg7 56. Ke4 Bg3 57. Rc3 Bb8 58. Rc8 1/2-1/2

[Event "Olympiad Women-41"]
[Site "Tromsoe"]
[Date "2014.08.06"]
[Round "5.1"]
[White "Caxita, Esperanca"]
[Black "Zepeda, Lorena"]
[Result "0-1"]
[WhiteElo "1727"]
[BlackElo "2158"]
[PlyCount "73"]
[EventDate "2014.08.02"]
[EventType "team-swiss"]
[EventRounds "11"]
[EventCountry "NOR"]
[SourceTitle "CBM 162"]
[Source "ChessBase"]
[SourceDate "2014.09.17"]
[SourceVersion "1"]
[SourceVersionDate "2014.09.17"]
[SourceQuality "1"]
[WhiteTeam "Angola (W)"]
[BlackTeam "El Salvador (W)"]
[WhiteTeamCountry "ANG"]
[BlackTeamCountry "ESA"]

1. e4 c5 2. Nf3 d6 3. Bc4 Nf6 4. Nc3 a6 5. d4 cxd4 6. Nxd4 e6 7. 0-0 Be7 8. Be3 0-0 9. f3 b5 10. Bd3 Bb7 11. Kh1 Nbd7 12. a3 d5 13. exd5 Nxd5 14. Nxd5 Bxd5 15. c3 Ne5 16. Be4 Nc4 17. Bc1 Bxe4 18. fxe4 Bc5 19. b3 Ne5 20. Be3 Rc8 21. b4 Bb6 22. Qe1 Nc4 23. Rd1 Nxe3 24. Qxe3 e5 25. Qd3 exd4 26. cxd4 Rc4 27. d5 Qd6 28. Rde1 f6 29. Rf3 Bd4 30. Rh3 Be5 31. Qd1 g6 32. Qg4 f5 33. Qh4 Rf7 34. g3 fxe4 35. Rd1 e3 36. g4 e2 37. Kg1 0-1

[Event "American Continental (Women) 07th"]
[Site "Buenos Aires"]
[Date "2014.03.28"]
[Round "8"]
[White "Zepeda, Lorena"]
[Black "Jorquera Cabello, Valentina Paz"]
[Result "1-0"]
[WhiteElo "2196"]
[BlackElo "2027"]
[PlyCount "129"]
[EventDate "2014.03.21"]
[EventType "swiss"]
[EventRounds "9"]
[EventCountry "ARG"]
[SourceTitle "CBM 159 Extra"]
[Source "ChessBase"]
[SourceDate "2014.04.24"]
[SourceVersion "1"]
[SourceVersionDate "2014.04.24"]
[SourceQuality "1"]

1. e4 c5 2. Nf3 d6 3. d4 cxd4 4. Nxd4 Nf6 5. Nc3 Nc6 6. g3 e5 7. Nb3 Bg4 8. f3 Be6 9. Bg5 Be7 10. Bxf6 Bxf6 11. h4 0-0 12. Nd5 Bxd5 13. Qxd5 a5 14. c3 a4 15. Nd2 a3 16. b3 Qc7 17. Nc4 Be7 18. Rc1 Rfd8 19. Qd2 b5 20. Ne3 Qb7 21. Nd5 Rab8 22. Be2 Bf8 23. b4 Ne7 24. Rd1 Rdc8 25. Qe3 Qc6 26. Nxe7+ Bxe7 27. Rd3 Rc7 28. Kd2 Rbc8 29. Rc1 Qc4 30. Rc2 d5 31. Rxd5 Qc6 32. Rxb5 Qd7+ 33. Bd3 Rd8 34. Rd5 Qh3 35. Rxd8+ Bxd8 36. Qf2 Rd7 37. Ke2 Qh1 38. c4 g5 39. hxg5 Bxg5 40. c5 Qb1 41. c6 Rc7 42. b5 Rc8 43. b6 Bd8 44. c7 Be7 45. Qe1 Qxb6 46. Qc3 Bd6 47. Qc6 Qb4 48. Qd7 Rxc7 49. Rxc7 Bxc7 50. Qxc7 Qb2+ 51. Qc2 Qb4 52. Bc4 Kg7 53. Bb3 Qe7 54. Qc3 f6 55. Qc4 Kh6 56. Qe6 Qd8 57. f4 exf4 58. gxf4 Qd4 59. Qd5 Qg1 60. Qd6 Qg2+ 61. Ke3 Qg3+ 62. Kd4 Qf2+ 63. Kd5 Kg7 64. Ke6 Qb2 65. Kf5 1-0

[Event "American Continental (Women) 07th"]
[Site "Buenos Aires"]
[Date "2014.03.27"]
[Round "7"]
[White "Zepeda, Lorena"]
[Black "Vargas, Gabriela"]
[Result "1/2-1/2"]
[WhiteElo "2196"]
[BlackElo "2143"]
[PlyCount "66"]
[EventDate "2014.03.21"]
[EventType "swiss"]
[EventRounds "9"]
[EventCountry "ARG"]
[SourceTitle "CBM 159 Extra"]
[Source "ChessBase"]
[SourceDate "2014.04.24"]
[SourceVersion "1"]
[SourceVersionDate "2014.04.24"]
[SourceQuality "1"]

1. e4 e6 2. d4 d5 3. Nd2 Nc6 4. Ngf3 Nf6 5. e5 Nd7 6. c3 f6 7. exf6 Qxf6 8. Bd3 Bd6 9. Nf1 e5 10. Ne3 Nb6 11. dxe5 Nxe5 12. Nxe5 Qxe5 13. f4 Qxf4 14. g3 Qf6 15. Rf1 Qe5 16. Rf2 Bd7 17. Re2 0-0-0 18. Nf5 Qf6 19. Nxd6+ cxd6 20. Rf2 Qe5+ 21. Kf1 Nc4 22. Kg1 g5 23. Re2 Qf6 24. Rf2 Qe7 25. Bxc4 dxc4 26. Qd5 h6 27. Qxc4+ Bc6 28. Be3 Rde8 29. Re1 Qd7 30. Rff1 Re4 31. Qf7 Rhe8 32. Qxd7+ Kxd7 33. Rf6 R8e6 1/2-1/2

[Event "Hoogeveen Unive op 17th"]
[Site "Hoogeveen"]
[Date "2013.10.23"]
[Round "6"]
[White "Zepeda, Lorena"]
[Black "Piasetski, Leon David"]
[Result "1/2-1/2"]
[WhiteElo "2156"]
[BlackElo "2295"]
[PlyCount "58"]
[EventDate "2013.10.18"]
[EventType "swiss"]
[EventRounds "9"]
[EventCountry "NED"]
[SourceTitle "EXT 2014"]
[Source "ChessBase"]
[SourceDate "2013.11.20"]
[SourceVersion "1"]
[SourceVersionDate "2013.11.20"]
[SourceQuality "1"]

1. e4 c5 2. Nf3 e6 3. d4 cxd4 4. Nxd4 a6 5. Bd3 Bc5 6. Nb3 Be7 7. Qg4 g6 8. Qe2 d6 9. 0-0 b6 10. a4 Nc6 11. Na3 Nf6 12. Nc4 0-0 13. a5 Nd7 14. axb6 Nxb6 15. Nxb6 Qxb6 16. Be3 Qc7 17. Bxa6 Bxa6 18. Rxa6 Rxa6 19. Qxa6 Nb4 20. Qa4 Rb8 21. Nd4 d5 22. exd5 Nxd5 23. Bh6 Bf8 24. Bxf8 Kxf8 25. c3 Qb7 26. Qa3+ Kg8 27. Qd6 Qxb2 28. Nxe6 Nxc3 29. Nd4 Qb4 1/2-1/2